000 00894nam a22003017a 4500
003 CHAP
005 20220329140058.0
008 971013s1977 r 00010 d
010 _a46666
011 _a47638
035 _a51781
040 _cCHAP
090 _aFolleto 7733
100 0 0 _aTiller, K. G.
_9113311
245 _aRadioactivity in Port Pirie soils
260 _aMelbourne :
_bCSIRO. Divisioc of Soils,
_c1977
300 _a5 p.
490 _aDivisional report
_v; 20
590 _aBATCH-UPD
_b10
_c20130110
_lUCH01
_h2022
590 _aBATCH-UPD
_b10
_c20130410
_lUCH01
_h1340
590 _aBATCH-UPD
_b10
_c20130914
_lUCH01
_h1832
590 _aCONVERSION
_b10
_c20130109
_lUCH01
_h1325
650 1 4 _aSuelos
_xContaminación.
_9110327
830 0 _aDivisional report
_v; 20
_933024
901 _aBK
942 _cFOLL
949 _aFolleto 7733
_bBC
_cFOLL
_d-115697
_eTS1
_i51781
_mD
_si
999 _c46666
_d46666